| 000 | 00000nam##2200000za#4500 |
| 001 | 9.695002 |
| 003 | CaOODSP |
| 005 | 20240219183347 |
| 007 | cr ||||||||||| |
| 008 | 150407|2009||||xxc|||||o f|0| 0 eng|d |
| 040 | |aCaOODSP|beng |
| 043 | |an-cn--- |
| 086 | 1 |aD69-3/2009E-PDF |
| 110 | 2 |aDefence R&D Canada. |
| 245 | 14|aThe use of archaeological and anthropological methods in fatal fire scene investigation / |h[electronic resource]|cPrincipal author: Katie Waterhouse ; approved by Executive Director CSS CPRC ; approved for release by Chair, Centre for Security Science Document Review Panel DDG. |
| 260 | |aOttawa - Ontario : |bDefence Research and Development Canada |c[2009]. |
| 300 | |a25p. |
| 504 | |aBibliography. |
| 546 | |a(Résumé en français.) |
| 590 | |a11-18-Supp|b2011-09-16 |
| 720 | 1 |aWaterhouse, Katie |
| 856 | 40|ahttp://publications.gc.ca|qPDF|s340 KB|uhttps://publications.gc.ca/collections/collection_2011/dn-nd/D69-3-2009-eng.pdf |
| 986 | |aDRDC CSS TN 2009-04 |